The banks in a Time of Challenge
Wedi'i Gadw mewn:
| Prif Awdur: | |
|---|---|
| Fformat: | Llyfr |
| Iaith: | Undetermined |
| Cyhoeddwyd: |
Zurich
Union Bank of Switzerland
1975
|
| Pynciau: | |
| Tagiau: |
Ychwanegu Tag
Dim Tagiau, Byddwch y cyntaf i dagio'r cofnod hwn!
|
| Thư viện lưu trữ: | Trung tâm Học liệu Trường Đại học Cần Thơ |
|---|
| LEADER | 00473nam a2200181Ia 4500 | ||
|---|---|---|---|
| 001 | CTU_81893 | ||
| 008 | 210402s9999 xx 000 0 und d | ||
| 082 | |a 332.1 | ||
| 082 | |b S294 | ||
| 100 | |a Schaefer, A. | ||
| 245 | 4 | |a The banks in a Time of Challenge | |
| 245 | 0 | |c A. Schaefer | |
| 260 | |a Zurich | ||
| 260 | |b Union Bank of Switzerland | ||
| 260 | |c 1975 | ||
| 650 | |a Banking | ||
| 904 | |i Trọng Hải | ||
| 980 | |a Trung tâm Học liệu Trường Đại học Cần Thơ | ||